000 02266cam a22002294a 4500
005 20250605163949.0
008 250528s ||||||||||||||||||||||||d
035 _a15310
020 _a053882185X
040 _aGR-AtMCL
_bgre
_dGR-AtMCL
_eAACR2
245 1 _aManagerial Accounting / Third Edition
250 _a3rd
260 _bCollege Division - South-Western Publishing Co,
_c1994
300 _a724
505 0 _aThe Nature of Managerial Accounting, Introduction: The Evolution of Managerial Accounting, Nature of and Trends in Managerial Accounting, Cost Concepts and Terminology, Cost System Designs, Job Order Cost Systems, Process Cost Systems, Cost Management, Cost Behavior and Cost Estimation, Cost-Volume-Profit Analysis, Budgeting and Performance Evaluation, Overhead Cost Management, Cost Management in Advanced Manufacturing and Just-in-Time Environments, Strategic Management, Activity-Based Costing for Strategic Decisions, Decentralized Planning and Performance, Differential Analysis and Product Pricing, Capital Investment Analysis, Financial Management, Statement of Cash Flows, Annual Reports and Financial Statement Analysis, Corporate Annual Reports, Financial Statement Analysis, Appendices, Interest Tables, Code of Ethics for Accountants..
520 _aThe Nature of Managerial Accounting, Introduction: The Evolution of Managerial Accounting, Nature of and Trends in Managerial Accounting, Cost Concepts and Terminology, Cost System Designs, Job Order Cost Systems, Process Cost Systems, Cost Management, Cost Behavior and Cost Estimation, Cost-Volume-Profit Analysis, Budgeting and Performance Evaluation, Overhead Cost Management, Cost Management in Advanced Manufacturing and Just-in-Time Environments, Strategic Management, Activity-Based Costing for Strategic Decisions, Decentralized Planning and Performance, Differential Analysis and Product Pricing, Capital Investment Analysis, Financial Management, Statement of Cash Flows, Annual Reports and Financial Statement Analysis, Corporate Annual Reports, Financial Statement Analysis, Appendices, Interest Tables, Code of Ethics for Accountants..
700 1 _aReeve James M
_91205
700 1 _aWarren Carl S
_91206
942 _cBK
999 _c900
_d900